<?xml version="1.0" encoding="UTF-8"?>
<record
    xmlns:xsi="http://www.w3.org/2001/XMLSchema-instance"
    xsi:schemaLocation="http://www.loc.gov/MARC21/slim http://www.loc.gov/standards/marcxml/schema/MARC21slim.xsd"
    xmlns="http://www.loc.gov/MARC21/slim">

  <leader>00697ngm a2200265   4500</leader>
  <controlfield tag="005">20170316135509.0</controlfield>
  <controlfield tag="006">a|||||r|||| 00| | </controlfield>
  <controlfield tag="008">160218b        xxu||||| |||| 00| 0 spa d</controlfield>
  <datafield tag="041" ind1=" " ind2=" ">
    <subfield code="a">spa</subfield>
  </datafield>
  <datafield tag="082" ind1=" " ind2=" ">
    <subfield code="a">147 DVD</subfield>
  </datafield>
  <datafield tag="245" ind1=" " ind2=" ">
    <subfield code="a">Costa Rica: tierra de volcanes</subfield>
  </datafield>
  <datafield tag="260" ind1=" " ind2=" ">
    <subfield code="b">Mertec</subfield>
    <subfield code="a">Costa Rica</subfield>
  </datafield>
  <datafield tag="260" ind1=" " ind2=" ">
    <subfield code="c">2001</subfield>
  </datafield>
  <datafield tag="300" ind1=" " ind2=" ">
    <subfield code="a">45 minutos</subfield>
  </datafield>
  <datafield tag="650" ind1=" " ind2=" ">
    <subfield code="a">COSTA RICA</subfield>
    <subfield code="9">41241</subfield>
  </datafield>
  <datafield tag="650" ind1=" " ind2=" ">
    <subfield code="a">VOLCANES  </subfield>
    <subfield code="9">1142</subfield>
  </datafield>
  <datafield tag="650" ind1=" " ind2=" ">
    <subfield code="a">VOLC&#xC1;N PO&#xC1;S</subfield>
    <subfield code="9">1143</subfield>
  </datafield>
  <datafield tag="650" ind1=" " ind2=" ">
    <subfield code="a">VOLC&#xC1;N IRAZ&#xDA;</subfield>
    <subfield code="9">1724</subfield>
  </datafield>
  <datafield tag="650" ind1=" " ind2=" ">
    <subfield code="a">VOLC&#xC1;N TURRIALBA </subfield>
    <subfield code="9">1726</subfield>
  </datafield>
  <datafield tag="650" ind1=" " ind2=" ">
    <subfield code="a">VOLC&#xC1;N TENORIO </subfield>
    <subfield code="9">1721</subfield>
  </datafield>
  <datafield tag="650" ind1=" " ind2=" ">
    <subfield code="a">VOLC&#xC1;N ARENAL </subfield>
    <subfield code="9">1722</subfield>
  </datafield>
  <datafield tag="650" ind1=" " ind2=" ">
    <subfield code="a">VOLC&#xC1;N MIRAVALLES</subfield>
    <subfield code="9">1720</subfield>
  </datafield>
  <datafield tag="650" ind1=" " ind2=" ">
    <subfield code="a">VOLC&#xC1;N OROSI </subfield>
    <subfield code="9">41242</subfield>
  </datafield>
  <datafield tag="942" ind1=" " ind2=" ">
    <subfield code="c">DVD</subfield>
  </datafield>
  <datafield tag="999" ind1=" " ind2=" ">
    <subfield code="c">9052</subfield>
    <subfield code="d">9052</subfield>
  </datafield>
  <datafield tag="952" ind1=" " ind2=" ">
    <subfield code="0">0</subfield>
    <subfield code="1">0</subfield>
    <subfield code="4">0</subfield>
    <subfield code="7">0</subfield>
    <subfield code="a">BACB</subfield>
    <subfield code="b">BACB</subfield>
    <subfield code="d">2017-03-16</subfield>
    <subfield code="l">0</subfield>
    <subfield code="o">147 DVD</subfield>
    <subfield code="p">147ADVD</subfield>
    <subfield code="r">2017-03-16 00:00:00</subfield>
    <subfield code="w">2017-03-16</subfield>
    <subfield code="y">DVD</subfield>
  </datafield>
  <datafield tag="952" ind1=" " ind2=" ">
    <subfield code="0">0</subfield>
    <subfield code="1">0</subfield>
    <subfield code="4">0</subfield>
    <subfield code="7">0</subfield>
    <subfield code="a">BACB</subfield>
    <subfield code="b">BACB</subfield>
    <subfield code="d">2017-03-16</subfield>
    <subfield code="l">0</subfield>
    <subfield code="o">147 DVD</subfield>
    <subfield code="p">147BDVD</subfield>
    <subfield code="r">2017-03-16 00:00:00</subfield>
    <subfield code="w">2017-03-16</subfield>
    <subfield code="y">DVD</subfield>
  </datafield>
</record>
